000 00965cam a2200205 4500
001 WB3901-26
008 030107n2003 000 0 eng u
035 _a(Sirsi) u120947
245 _aBCO London planning guide
260 _c2003
490 _aEstates Gazette
_v(0301) 4 January 2003, 12(1)
520 _aA new British Council for Offices (BCO) guide should help developers obtain planning permission for tall buildings in London. "Tall buildings in London: guidance on planning" includes advice on environmental statements, urban design, heritage and protected views, and transport. Report available from BCO priced £40 (£20 for BCO members), e [email protected] Further information at http://www.bco.org.uk/html/research/reports.html
590 _aWB
650 _aBCO
650 _aTALL BUILDINGS
650 _aLONDON
650 _aPLANNING PERMISSION
690 _aENVIRONMENTAL AND LAND CONSULTANCY-PLANNING AND DEVELOPMENT
942 _n0
999 _c71897
_d71897